00592nam a2200193 a 4500001000200000003000900002005001700011008004100028020001800069040002600087082002900113100002000142245005000162260004500212300002100257500007100278650002200349650002700371 DO-SdBNP20211008084809.0091120s2011 dr 000 f spa d a9789945410600 aDO-SdBNPbspacBPMSU  aRD863.44bS237m 20112221 aSantos, Luis R.10aMemorias de un hombre solo /cLuis R. Santos. aSanto Domingo :bLetra Gráfica,c2011. a191 p. ;c23 cm. aIncluye datos biográficos del autor en la solapa de la cubierta. 4aNovela dominicana 4aLiteratura dominicana.